000 00686nam a2200205Ia 4500
003 GCL
008 140319s9999 xx 000 0 ara d
040 _aGCL /
_cGCL
082 0 4 _a389.1
_bم ا
100 1 _aموسى النبهان
245 1 0 _aاساسيات القياس فى العلوم السلوكية /
_cموسى النبهان
250 _aالاولى
260 _aالاردن :
_bدار الشروق للنشر والتوزيع ،
_c2004
300 _a456 ص ؛
_c24 سم
650 0 4 _aاجهزة القياس
650 0 4 _aالاستدلال
650 0 4 _aالقياس، علم
650 0 4 _aالقياس - النماذج الاحصائية
942 _2ddc
_cBK
999 _c10173
_d10173